000 01531nam2a22002291 4500
001 rc\2192667
005 20250623000831.0
035 _a(NLR Aleph) 006484778
090 _a6070782
_c6070782
100 _a20110829d1978 |||y0rusy50 ca
101 0 _arus
102 _aRU
105 _ay z |||||
200 0 _aЧ. 1
_e[1-6 уроки]
210 _aМосква
_cБ. и.
_d1978
215 _a52 с.
461 0 _1001rc\2192666
_12001#$aМетодические разработки по английскому языку$eДля студентов II курса технол. фак. по спец. "Технология молока и мол. продуктов"$e[В 2 ч., 10 уроках]$fМ-во высш. и сред. спец. образования РСФСР, Моск. технол. ин-т мяса и молоч. пром-сти. Каф. иностр. яз.$g[Сост.: преп. Кузнецова С.В.]$vЧ. 1
_96070774
_cМосква
_d1978
_fМ-во высш. и сред. спец. образования РСФСР, Моск. технол. ин-т мяса и молоч. пром-сти. Каф. иностр. яз.
_nБ. и.
_oДля студентов II курса технол. фак. по спец. "Технология молока и мол. продуктов" : [В 2 ч., 10 уроках]
_tМетодические разработки по английскому языку
_vЧ. 1
801 0 _aRU
_bNLR
_gpsbo
801 1 _aRU
_bELAR
_2rusmarc
852 _aNLR
_j79-4/15064
942 _cBOOK
980 _aNB